00919ngm a22002295a 4500001000500000005001700005020001800022040002400040050001500064082001000079100002500089245008100114250003500195260003400230300004800264500010100312500003800413505000800451520019000459521002000649521002000669166320231123105925.0 a9780545001038 aDLCcDLCeamimbeng00aPZ7.M51458 a613.6 aMehlhaff, Christine 00aDon't talk to strangers! /cby Christine Mehlhaff Illustrated by Kathi Ember aFirst printing, September 2007 bScholastic,aNew York :c2007 a22 pages : bcolor illustrations ; c26 cm  aCopyright: MTE, Inc. Appl. au.: Irish Films, Inc. DCR 1994; PUB 20Jun94; REG 26Jun95; PA703-498. aSource used: copyright data base. aM  aEmma Lion loves to make new friends, but Mama tells her to be careful and never talk to strangers. Emma sees new people to meet everywhere she goes. How will she know who is a stranger? a540 bLexile  aM bRaz-Plus